[Event "Staunton Memorial Dinner Alternate Move"]
[Site "London"]
[Date "2010.09.08"]
[Round "?"]
[White "Short/Vujatovic, Nigel/Rajko"]
[Black "Kasparov/Crumiller, Gary/Jon"]
[Result "0-1"]
[WhiteElo "2690"]
[BlackElo "2812"]
[Annotator "JvR"]
[PlyCount "66"]
[EventDate "2010.09.08"]
[EventType "match"]
[SourceDate "1999.07.01"]

{A Staunton Memorial Dinner was carried out in 2010. Karpov got support in his
FIDE campaign. Four players carried out a game with alternate moves. Each
couple got one hour.} 1. e4 {(Rajko)} c5 {(Jon)} 2. Nf3 {(Nigel)} e6 {(Gary)}
3. d4 cxd4 4. Nxd4 a6 5. Bd3 Bc5 6. Nb3 Be7 7. Qg4 g6 8. Qe2 d6 9. O-O Nd7 10.
a4 b6 11. Na3 Qc7 12. Nc4 Bb7 13. a5 b5 14. Nb6 Nxb6 15. axb6 Qxb6 16. Na5 Bc8
17. Be3 Qc7 18. c4 b4 19. e5 Rb8 $5 (19... dxe5 20. Be4 Rb8 21. Nc6 f5 22. Nxb8
Qxb8 {happened in Lindberg - Akesson, Vaxjo 2008.}) 20. Bd4 {
White has an excellent compensation for the pawn.} f6 $1 21. exf6 $6 ({
Better is} 21. Qe3 $1 fxe5 22. Ba7) 21... Nxf6 22. c5 O-O 23. cxd6 Bxd6 24.
Rfc1 $2 (24. g3 {protects the attacked pawn.}) 24... Bxh2+ $1 25. Kh1 Qf4 $1
26. Rxc8 Qxd4 27. Rc4 ({The pointe is} 27. Rxf8+ Rxf8 28. Kxh2 Qh4+ 29. Kg1 Ng4
30. Qxe6+ Kg7) 27... Qd6 28. Rd1 Kh8 $2 (28... Rb5 $1 {continues the attack.})
29. g3 $2 Qd5+ (29... Bxg3 $1 30. fxg3 Qd5+ 31. Kh2 Qxa5 {wins quickly.}) 30.
Kxh2 Qxa5 31. Qxe6 $2 (31. Kg1 {prolongs the game.}) 31... Qh5+ 32. Rh4 Qxd1
33. Bxg6 Ng4+ $1 {The wild tactics end with a mate charge.} 0-1

[Event "London"]
[Site "Chess Classic 1"]
[Date "2009.12.08"]
[Round "1"]
[White "Carlsen, Magnus"]
[Black "Kramnik, Vladimir"]
[Result "1-0"]
[WhiteElo "2801"]
[BlackElo "2772"]
[Annotator "JvR"]
[PlyCount "85"]
[EventDate "2009.12.08"]
[SourceDate "1999.07.01"]

{When the Staunton Memorial events were finished, a new large tournament was
started. Again British players encountered foreigners, but there were
important differences: 1. Four Englishmen met four grandmasters from the rest
of the world. 2. The event happened in December. 3. Quick draws were not
allowed and soccer scores were produced. 4. Bankers gave a support of 120,000
euro.   The first London Chess Classic was played at the Olympia Conference
Centre from 8 until 15 xii 2009. Carlsen and Kramnik were the favourites.} 1.
c4 Nf6 2. Nc3 e5 3. Nf3 Nc6 4. g3 d5 5. cxd5 Nxd5 6. Bg2 Nb6 7. O-O Be7 8. a3
O-O 9. b4 Be6 10. Rb1 f6 11. d3 a5 12. b5 Nd4 13. Nd2 Qc8 14. e3 Nf5 15. Qc2
Rd8 16. Bb2 a4 17. Rfc1 Nd6 18. Nde4 Ne8 19. Qe2 $5 ({Known is} 19. Ne2 $6 Bb3
20. Qc3 Qd7 $1 {and Black gains a pawn.}) 19... Bf8 20. f4 exf4 21. gxf4 Qd7
22. d4 {Carlsen hopes to achieve the initiative.} c6 $6 ({Preferable is} 22...
Bg4 $5 23. Qf1 Qe6) 23. Nc5 $1 Bxc5 24. dxc5 Nc4 25. Rd1 Qc7 26. Bc1 Na5 27.
bxc6 bxc6 28. Nxa4 $5 {Carlsen accepts the challenge.} Rxd1+ $6 (28... Bb3 $1
29. Rxd8 Rxd8 30. Nb6 Rd1+ 31. Kf2 Qe7 {counters.}) 29. Qxd1 Rd8 30. Qc2 Qf7
31. Nc3 Qh5 32. Ne2 Bf5 $2 (32... Kf8 $3 {threatens ..Bb3. Then} 33. Nd4 $6 {
is answered by} Rxd4 $1 34. exd4 Bf5 {and equality (Carlsen).}) 33. e4 Bg4 34.
Ng3 Qf7 35. Bf1 $1 Be6 36. Qc3 Ra8 37. Rb4 {White has a winning advantage.} Qd7
38. f5 Bf7 39. Bf4 Qd1 40. Kf2 Nb3 $5 41. Be2 Qb1 42. Bc4 Rxa3 43. Ne2 {
Black lacks a defence of his king. Carlsen had an ideal start.} 1-0

[Event "London"]
[Site "Chess Classic 1"]
[Date "2009.12.08"]
[Round "1"]
[White "McShane, Luke"]
[Black "Short, Nigel"]
[Result "1-0"]
[WhiteElo "2615"]
[BlackElo "2707"]
[Annotator "JvR"]
[PlyCount "325"]
[EventDate "2009.12.08"]
[SourceDate "1999.07.01"]

1. e4 e5 2. Nf3 Nc6 3. d4 exd4 4. Nxd4 Bc5 5. Nxc6 Qf6 6. Qf3 bxc6 7. Nc3 d6 8.
Qg3 Qg6 9. Bd3 a5 10. Bd2 $5 Nf6 11. f3 Ba6 12. Ne2 Nd7 13. Bxa6 Rxa6 14. Qxg6
hxg6 15. Nf4 Bd4 16. Nd3 c5 17. c3 Bf6 18. O-O-O a4 19. Kc2 g5 20. h3 Be7 21.
Nf2 Nf8 22. Ng4 Ne6 23. Ne3 f6 24. Nc4 Kf7 25. Be1 Nf4 26. Rd2 g6 27. Bg3 Nh5
28. Bh2 Ng7 29. Bg3 Nh5 30. Bh2 Ng7 31. Re1 Rb8 32. Rdd1 Rba8 33. Rd2 Rb8 34.
Ra1 Rba8 35. Rc1 Rb8 36. Bg3 Nh5 37. Bh2 Ng7 38. Rg1 Rh8 39. Rf1 Rh7 40. Rd3
Rh8 41. Rdd1 Ne6 42. Rh1 Ng7 43. Rhe1 Rha8 44. Bg1 Ne6 45. Rd2 Rh8 46. Be3 Bf8
47. Rh1 Bg7 48. Rd5 Ke7 49. Rh2 Raa8 50. Rh1 Ra6 51. Rd2 Raa8 52. Re1 Ra6 53.
Bf2 Raa8 54. Bg3 Ra6 55. Ne3 Kf7 56. Rd5 Bf8 57. Rdd1 Bg7 58. Rh1 Raa8 59. Rh2
Ra6 60. Rdh1 Raa8 61. h4 $1 gxh4 62. Rxh4 Rxh4 63. Rxh4 Ra7 64. Rh1 Ra8 65. Bf2
Nf8 66. Be1 Ra7 67. Bd2 Ne6 68. Bc1 Ra8 69. Bd2 Rd8 70. Bc1 Re8 71. Rh4 Ra8 72.
Kd3 Ra6 73. g3 Nf8 74. f4 $1 Nd7 75. Rh2 Ra7 76. Bd2 Rb7 77. Be1 Bf8 78. g4 Kg7
79. Bg3 c6 80. f5 $1 g5 81. Rd2 Nb6 82. Ke2 Rd7 83. b3 d5 $1 84. c4 $5 axb3 85.
axb3 {White goes forwards very slowly.} dxe4 $2 {
Black should not accept the temporary sacrifice.} (85... d4 $1 86. Nd1 Ra7 87.
e5 fxe5 88. Bxe5+ Kf7 {equalises.}) 86. Rxd7+ Nxd7 87. Bc7 Kf7 88. Nd1 Ke8 89.
Nc3 Be7 90. Nxe4 {White has achieved an edge in the endgame.} Bd8 $5 91. Nd6+
Ke7 92. Nc8+ Ke8 93. Nd6+ Ke7 94. Nc8+ Ke8 95. Bg3 Nb6 $5 96. Nd6+ Kf8 97. Nb7
$1 Ke8 (97... Be7 98. Na5 {also costs a pawn.}) 98. Nxc5 {
McShane has gained a pawn.} Be7 99. Ne4 Kd8 100. Be1 Nd7 101. Bc3 c5 102. Bb2
Ke8 103. Kf2 Kd8 104. Kg2 Ke8 105. Kh3 Kf7 106. Kg3 Ke8 107. Bc3 Kd8 108. Kh3
Kc7 109. Bb2 Kc6 110. Nc3 Nb6 111. Kg3 $6 Bd8 $6 ({Preferable is} 111... Bd6+
$1 112. Kf3 Be5 113. Nd1 Bxb2 114. Nxb2 Nd7) 112. Kf3 Be7 113. Ke3 Bd8 114. Kd3
Be7 115. Ke4 Bd8 116. Nd5 Nd7 117. Bc3 Kd6 118. Be1 Kc6 119. Bg3 Nf8 120. Kd3
Nd7 121. Kc2 Nf8 122. Be1 Nd7 123. Bg3 Nf8 124. Kb2 Nd7 125. Ka3 Ba5 $5 126.
Ne7+ Kb6 127. Bd6 Ka6 128. Nd5 Bd8 129. Bg3 Ba5 130. Ka4 Bd2 131. Bc7 Bc1 132.
Bd8 Bb2 133. b4 $1 {The decisive advance is made.} Bd4 134. b5+ Kb7 135. Kb3
Be5 136. Kc2 Bd4 137. Kb3 Be5 138. Be7 Bd4 139. Bd6 Bf2 140. Kc2 Ka7 141. Kd3
Kb7 142. Ke4 Bd4 143. Be7 Be5 144. Ne3 $1 Bf4 145. Ng2 Bg3 146. Kd5 $1 {
The centre is conquered.} Bf2 147. Ke6 Ne5 148. Bxf6 Nxc4 149. Bxg5 Na3 150. f6
Bd4 151. f7 Bg7 152. Bf6 Bf8 153. Be7 Bg7 154. Bxc5 Nxb5 155. f8=Q Nc7+ 156.
Kf7 Bxf8 157. Bxf8 Kc6 158. Nf4 Kd7 159. g5 Nb5 160. g6 Nd4 161. g7 Nf5 162.
g8=Q Nh6+ 163. Bxh6 {At last the battle is over.} 1-0

[Event "London"]
[Site "Chess Classic 1"]
[Date "2009.12.09"]
[Round "2"]
[White "Kramnik, Vladimir"]
[Black "Ni Hua"]
[Result "1-0"]
[WhiteElo "2772"]
[BlackElo "2665"]
[Annotator "JvR"]
[PlyCount "95"]
[EventDate "2009.12.08"]
[SourceDate "1999.07.01"]

1. d4 d5 2. c4 c6 3. Nc3 Nf6 4. e3 a6 5. Nf3 b5 6. b3 Bg4 7. h3 Bxf3 8. Qxf3 e5
9. dxe5 Bb4 10. Bd2 Bxc3 11. Bxc3 Ne4 12. Bb4 bxc4 13. Qg4 c5 14. f3 cxb4 15.
fxe4 O-O 16. exd5 {They play a sharp opening.} cxb3 $5 ({Known is} 16... Qxd5
17. Bxc4 Qxe5) 17. Qd4 Nd7 $5 {Ni Hua delivers a temporary sacrifice.} 18. axb3
Qg5 19. Qf4 Qxe5 $2 {The endgame favours White.} ({Better is the counter} 19...
Qg6 $1 20. Rd1 Qc2) 20. Qxe5 Nxe5 21. Bxa6 Rfc8 $6 ({Preferable is} 21... Rfd8
22. Ke2 Rxd5 23. Bb7 Rxa1 24. Rxa1 Rd8 {(Kramnik).}) 22. Kd2 $1 Rc3 23. Rhb1 $5
f5 24. Ra4 Rc5 $1 25. e4 $1 fxe4 26. Ke3 $1 Rc2 $5 (26... Rd8 27. Rxb4 Rcxd5
28. Rxe4 R5d6 29. Bb5 {also favours White.}) 27. Bd3 $3 Rxa4 28. Bxc2 Ra2 29.
Bxe4 {Kramnik has a decisive advantage.} Kf7 30. Rc1 Kf6 31. Rc2 Ra1 32. Kd4
Rd1+ 33. Kc5 h5 34. Rf2+ Ke7 35. Re2 Nd7+ 36. Kc6 Rc1+ 37. Bc2+ $1 Kd8 38. Kd6
$1 Nf6 39. Ke6 h4 40. d6 Rf1 41. Re5 $5 Rf2 $5 ({Or} 41... Ne8 $1 42. Re4 Rf6+
43. Ke5 Nxd6 44. Rxh4) 42. Bf5 g6 43. Bxg6 Nd7 44. Rg5 $1 Rf6+ 45. Kd5 Nb6+ 46.
Kc6 Nc8 47. Kc5 Nxd6 48. Bd3 {The black pawns are going to fall.} 1-0

[Event "London"]
[Site "Chess Classic 1"]
[Date "2009.12.11"]
[Round "2"]
[White "Carlsen, Magnus"]
[Black "McShane, Luke"]
[Result "1-0"]
[WhiteElo "2801"]
[BlackElo "2615"]
[Annotator "JvR"]
[PlyCount "121"]
[EventDate "2009.12.08"]
[SourceDate "1999.07.01"]

1. d4 Nf6 2. c4 g6 3. Nc3 Bg7 4. e4 d6 5. Nf3 O-O 6. Be2 e5 7. O-O Na6 8. Re1
Qe8 9. Bf1 c6 10. Rb1 Bg4 11. d5 c5 12. Be2 $5 Kh8 13. a3 Bd7 14. b4 b6 15. Bg5
Ng8 16. Nb5 f6 17. Bh4 Qe7 18. Nd2 Nh6 19. Nf1 Rfc8 20. Ne3 Nc7 21. bxc5 Nxb5
22. cxb5 Rxc5 {Black has almost equalised.} 23. f3 Rac8 24. Bd3 $1 {
Carlsen strengthens his position.} Qf8 25. Bf2 f5 26. a4 R5c7 27. h3 Bf6 28.
Qd2 Bg5 29. a5 fxe4 30. fxe4 Nf7 $2 ({Better is} 30... bxa5 31. Qxa5 Nf7) 31.
axb6 axb6 32. Qe2 Rb7 33. Nc4 Qd8 34. Rf1 Kg7 35. Kh1 Be8 36. Qb2 Nh6 $6 {
McShane misses a point.} 37. Bxb6 $1 Qe7 $5 (37... Rxb6 38. Qf2 Bxb5 39. Nxb6
$1 Bxd3 40. Nxc8 Bxf1 41. Qa7+ {wins for White.}) 38. Qf2 Rcb8 39. Rb3 Ng8 40.
Be2 $5 Nf6 41. Bf3 Rxb6 $5 42. Nxb6 Qc7 43. h4 $1 Bh6 44. Na4 $1 Rxb5 45. Be2
$1 Rxb3 46. Qxf6+ Kg8 47. Nc5 $3 {Carlsen triumphs beautifully.} Rg3 48. Ne6 $5
Qf7 49. Qxf7+ Bxf7 50. Rb1 $1 Be8 51. Bf3 Kf7 52. Rb7+ Kf6 53. Rxh7 Bf4 54.
Nxf4 exf4 55. e5+ $1 dxe5 56. d6 e4 (56... Kf5 $5 57. Rf7+ $1 Bxf7 58. d7 e4
59. Be2 Re3 60. d8=Q Rxe2 61. Qg5+ Ke6 62. Qg4+ {gains material (McShane).})
57. Bxe4 Re3 58. Bd5 $1 Kf5 59. Kh2 Re5 60. Bf3 Kf6 61. d7 {Carlsen won again.}
1-0

[Event "London"]
[Site "Chess Classic 1"]
[Date "2009.12.10"]
[Round "3"]
[White "McShane, Luke"]
[Black "Kramnik, Vladimir"]
[Result "0-1"]
[WhiteElo "2615"]
[BlackElo "2772"]
[Annotator "JvR"]
[PlyCount "72"]
[EventDate "2009.12.08"]
[SourceDate "1999.07.01"]

1. e4 e5 2. Bc4 Nf6 3. d3 Bc5 4. Nf3 O-O 5. Nc3 d6 6. Na4 Bb6 7. c3 $5 ({
Known is} 7. Nxb6 axb6 8. O-O) 7... Be6 8. Bb3 Bxb3 9. axb3 Nbd7 10. b4 Bxf2+
$1 11. Kxf2 b5 12. Bd2 bxa4 13. Qxa4 c5 14. b5 d5 $1 {
Kramnik takes the initiative.} 15. exd5 $2 ({Preferable is} 15. Rhe1 $1 dxe4
16. dxe4) 15... Nb6 16. Qc2 c4 $1 {He delivers a temporary pawn sacrifice.} 17.
Nxe5 Qxd5 18. d4 Ne4+ 19. Kg1 Rfe8 20. Nf3 Qxb5 21. h4 $5 Qb3 $1 22. Qb1 $5 {
The exchange of queens also favours Black.} Nd5 $1 {The centre is blockaded.}
23. Rh3 $2 h6 $2 (23... Rab8 $1 24. Rxa7 Qxb2 {wins quickly.}) 24. Qc1 Qb6 $5
25. Ra4 $5 Rab8 26. Ra2 Qb3 $5 27. Qa1 Rb6 28. Kh2 $5 Ndf6 $5 29. Be1 Ng4+ $1
30. Kg1 Nef6 $5 31. d5 $5 Nxd5 32. Rg3 Ndf6 33. Bd2 Rd6 34. Ra3 Qb6+ 35. Kh1
Nf2+ 36. Kh2 N6g4+ $1 {Kramnik triumphed elegantly. He neared Carlsen.} 0-1

[Event "London"]
[Site "Chess Classic 1"]
[Date "2009.12.13"]
[Round "5"]
[White "Nakamura, Hikaru"]
[Black "McShane, Luke"]
[Result "0-1"]
[WhiteElo "2715"]
[BlackElo "2615"]
[Annotator "JvR"]
[PlyCount "110"]
[EventDate "2009.12.08"]
[SourceDate "1999.07.01"]

1. d4 Nf6 2. c4 g6 3. Nc3 Bg7 4. e4 d6 5. Be2 O-O 6. Nf3 e5 7. O-O Na6 8. Be3
Ng4 9. Bg5 Qe8 10. c5 exd4 11. Nd5 Be6 12. Be7 Bxd5 13. Bxf8 Qxf8 14. exd5 dxc5
15. Qb3 Rb8 {Black has a knight and two pawns for a rook.} 16. Rfe1 $5 Qd6 17.
h3 Nf6 18. Bxa6 Qxa6 19. Rac1 Bf8 20. Ne5 Qb6 21. Qf3 $6 (21. d6 $1 Qxb3 22.
dxc7 $1 Rc8 23. axb3 Rxc7 {equalises.}) 21... Qd6 22. g4 Bh6 23. Rc2 Re8 $1 24.
Rce2 Rf8 25. Nc4 $5 Qxd5 {Black captures a weakling.} 26. Qxf6 Bg7 27. Qh4 Qxc4
28. Re8 Qd5 29. Rxf8+ Bxf8 30. Re8 Kg7 $1 31. g5 $5 Qd6 32. Kf1 b5 33. Ke1 c4
34. Qe4 c5 $2 ({Correct is} 34... a5 35. Qe5+ Qxe5+ 36. Rxe5 c6) 35. h4 c3 36.
bxc3 dxc3 37. Qe5+ Qxe5+ 38. Rxe5 a5 {
Black delivers an avalanche on the queenside.} 39. Kd1 a4 40. a3 b4 41. Kc2 h6
$1 42. Rd5 $6 ({Preferable is} 42. Re8 hxg5 43. hxg5 Bd6 44. Ra8) 42... hxg5
43. hxg5 Kh7 $1 44. Rd7 $2 ({A miraculous escape brings} 44. axb4 $1 cxb4 45.
Rb5 $1 Kg7 46. f3 Be7 47. Rb7 $1 {and White survives (McShane).}) 44... Bg7 $1
45. Rxf7 b3+ 46. Kb1 Kg8 47. Ra7 Bd4 $1 48. Rxa4 Kf7 $1 49. Ra6 Be5 $1 50. Ra4
Ke6 51. Rh4 Kd5 52. a4 c4 53. Rh1 c2+ 54. Kc1 c3 55. Rh4 Bd6 {
McShane will mate.} 0-1

[Event "London"]
[Site "Chess Classic 1"]
[Date "2009.12.13"]
[Round "5"]
[White "Ni Hua"]
[Black "Carlsen, Magnus"]
[Result "0-1"]
[WhiteElo "2665"]
[BlackElo "2801"]
[Annotator "JvR"]
[PlyCount "84"]
[EventDate "2009.12.08"]
[SourceDate "1999.07.01"]

1. e4 c5 2. Nf3 d6 3. Bb5+ Nd7 4. d4 a6 5. Bxd7+ Bxd7 6. dxc5 dxc5 7. Nc3 e6 8.
Bf4 Ne7 9. Ne5 Ng6 10. Qh5 Bc6 $5 11. Bg3 Nxe5 12. Bxe5 c4 $5 13. O-O Qa5 14.
Qg5 h6 15. Qg3 f6 16. Qg6+ Ke7 17. Bf4 Be8 18. Qg3 Kf7 $1 19. Rad1 Bc6 20. Rd2
e5 $1 {Carlsen battles for the initiative.} 21. Be3 Bb4 22. f4 Rhe8 23. f5 Bc5
24. Rfd1 Rad8 25. Rxd8 Bxe3+ $1 26. Qxe3 Rxd8 27. Rxd8 Qxd8 {
The endgame is about even.} 28. Kf2 Qd6 29. a3 a5 30. Kf3 Kg8 31. g3 $6 {
Ni Hua loses time.} b5 $1 32. Ke2 b4 33. axb4 axb4 34. Nd1 Ba4 $1 35. b3 $2 ({
Correct is} 35. Qd2 $1 Qd4 36. Qxd4 exd4 37. Kd2 {(Ftacnik).}) 35... cxb3 36.
cxb3 Qa6+ $5 37. Kd2 Bb5 38. Qc5 Qa2+ 39. Qc2 $6 ({The last chance brings} 39.
Kc1 Be2 40. Ne3 Bf3 41. Qd5+ Kh7 42. Nc2) 39... Qa7 $1 40. Qc8+ $5 Kh7 41. Kc1
Qa1+ 42. Kc2 Qd4 {Carlsen scored his third win.} 0-1

[Event "London"]
[Site "Chess Classic 1"]
[Date "2009.12.14"]
[Round "6"]
[White "Kramnik, Vladimir"]
[Black "Short, Nigel"]
[Result "1-0"]
[WhiteElo "2772"]
[BlackElo "2707"]
[Annotator "JvR"]
[PlyCount "79"]
[EventDate "2009.12.08"]
[SourceDate "1999.07.01"]

1. Nf3 d5 2. d4 Nf6 3. c4 e6 4. Nc3 Bb4 5. Qb3 c5 6. cxd5 exd5 7. dxc5 Nc6 8.
Bg5 Be6 9. O-O-O Qa5 $5 ({A more neutral move is} 9... O-O) 10. Bxf6 gxf6 11.
Nxd5 {Kramnik grabs a second pawn.} O-O-O $2 (11... Qxc5+ 12. Qc2 Bxd5 13. Qxc5
Bxc5 14. Rxd5 Bxf2 {almost equalises (Kramnik).}) 12. e4 $1 f5 13. Bc4 Bxc5 $5
14. Ng5 $5 fxe4 15. Nxe4 $5 Bd4 $1 16. Ndc3 Rhe8 $6 ({Preferable is} 16... Bxc4
17. Qxc4 f5) 17. Bxe6+ $6 (17. Nb5 $1 {gains an advantage.}) 17... Rxe6 18. f3
$5 Ne5 $2 ({Correct is} 18... Rg6 19. g4 f5 20. gxf5 Qxf5) 19. Nb5 $1 {
White strikes in the right way.} Rb6 20. Qc2+ Rc6 21. Nec3 Bxc3 22. Rxd8+ Kxd8
23. Nxc3 Kc7 24. Rd1 a6 25. Qxh7 $5 Kb8 (25... Qxa2 $1 26. Qg8 Nd7 {
offers more resistance.}) 26. Kb1 Nc4 27. Qh8+ Rc8 28. Qd4 Qb4 29. b3 a5 30.
Ka1 Na3 31. Qxb4 axb4 32. Nd5 Rc2 33. Nxb4 Rxg2 34. Rh1 Ka7 35. h4 Kb6 36. h5
Ka5 37. h6 $1 Kxb4 38. h7 Nc2+ 39. Kb1 Na3+ 40. Kc1 {
Kramnik neared Carlsen again.} 1-0

[Event "London"]
[Site "Chess Classic 1"]
[Date "2009.12.14"]
[Round "6"]
[White "McShane, Luke"]
[Black "Ni Hua"]
[Result "0-1"]
[WhiteElo "2615"]
[BlackElo "2665"]
[Annotator "JvR"]
[PlyCount "160"]
[EventDate "2009.12.08"]
[SourceDate "1999.07.01"]

1. e4 e6 2. d4 d5 3. Nd2 c5 4. Ngf3 cxd4 5. Nxd4 Nf6 6. exd5 Qxd5 7. Nb5 Na6 8.
c4 Qc6 9. a3 Be7 10. b4 O-O 11. Qf3 $5 Nb8 $1 12. Rb1 $5 (12. Be2 {
develops quietly.}) 12... a5 13. bxa5 Qxf3 14. Nxf3 Rxa5 15. Be2 Nbd7 16. O-O
b6 17. Bd2 Ra4 18. Bb4 Nc5 $5 19. Rfd1 Bb7 20. Ne5 Ba8 21. f3 Rb8 22. Rd2 Ne8
23. Nd7 Rb7 24. Rbd1 g5 $5 25. Nxc5 $5 (25. Ne5 $1 {takes the initiative.})
25... bxc5 26. Bc3 Rb8 27. Be5 Rc8 $5 28. Rd7 $1 Bf6 29. Nd6 $5 (29. Bxf6 $1
Nxf6 30. Rd8+ Rxd8 31. Rxd8+ Kg7 32. Rc8 {attacks on the queenside.}) 29... Bc6
30. Nxc8 Bxd7 31. Bxf6 Nxf6 32. Nb6 Ra7 33. a4 Kf8 34. Nxd7+ $2 (34. a5 $1 Bc6
35. Rd8+ Ke7 36. Nc8+ Kxd8 37. Nxa7 Bb7 38. Nb5 {keeps the equality.}) 34...
Nxd7 35. Ra1 Ke7 36. Kf2 Ne5 37. Ke3 Nc6 38. Kd3 Rb7 39. Kc3 Na5 $1 {
The queenside has been blockaded.} 40. Bd3 Rb3+ 41. Kc2 h5 42. g3 g4 43. f4 f5
44. Re1 Kd6 45. Rd1 Kc7 46. Re1 Rb6 47. Kc3 Nb3 48. Bc2 Nd4 $1 49. Ra1 Rb8 {
Black has the initiative.} 50. Bd1 Rh8 51. Kd2 h4 $1 {
Ni Hua has an advantage on all fronts.} 52. Ra3 Kb6 53. a5+ $6 Ka6 54. Ke1 hxg3
55. hxg3 Rh1+ 56. Kd2 Rg1 57. Ba4 Rg2+ 58. Ke1 Kxa5 $1 59. Bc6+ Kb4 60. Ra4+
Kb3 61. Bxg2 Kxa4 {He wins the knight versus bishop ending.} 62. Bb7 Kb4 63.
Ba6 Ka5 $5 {Black should go forwards.} 64. Bc8 Kb6 65. Kd2 Kc7 66. Ba6 Nc6 67.
Bb5 Na7 68. Ba4 Nc8 69. Ke3 Nd6 70. Kf2 Kd8 71. Bc2 Ke7 72. Bd3 Kd7 73. Kg2 Kc6
74. Bf1 Kb6 75. Kf2 Ne4+ 76. Kg2 Ka5 77. Bd3 Nd6 78. Kf2 Kb4 79. Bb1 Kc3 80.
Kg2 Ne4 {The return of the black pieces decided the game.} 0-1

[Event "London"]
[Site "Chess Classic 1"]
[Date "2009.12.15"]
[Round "7"]
[White "Adams, Michael"]
[Black "McShane, Luke"]
[Result "1-0"]
[WhiteElo "2698"]
[BlackElo "2615"]
[Annotator "JvR"]
[PlyCount "91"]
[EventDate "2009.12.08"]
[SourceDate "1999.07.01"]

1. e4 e5 2. Nf3 Nc6 3. Bb5 a6 4. Ba4 Nf6 5. O-O Be7 6. Re1 b5 7. Bb3 d6 8. c3
O-O 9. h3 Nb8 10. d4 Nbd7 11. Nbd2 Bb7 12. Bc2 Re8 13. Nf1 Bf8 14. Ng3 c6 15.
a4 Qc7 16. Be3 Rad8 17. Qc1 h6 18. b3 Qb8 19. Rb1 Qc8 20. Qb2 $5 (20. b4 Qc7
21. Nd2 d5 $1 {drew in Adams - Morozevich, Lugo 2007.}) 20... Qc7 21. Rbd1 Bc8
$5 {Black hesitates.} 22. c4 $5 {Adams had discussed this idea with Morozevich.
} bxc4 $5 23. bxc4 exd4 24. Bxd4 c5 25. Bc3 Bb7 26. Nf5 {
White controls more territory.} Re6 27. Nd2 Rde8 28. f3 Nh5 $5 29. Nf1 Ne5 30.
N1e3 Rg6 $5 {McShane wants to counter.} 31. Kh1 Nf4 32. Qc1 Qc8 $1 33. Ng4 $1
Nxg2 $1 {He accepts the consequence of his plan.} 34. Kxg2 ({The alternative is
} 34. Re2 $1 Ne1 $1 35. Rdxe1 Nxf3 36. Rf1 Ng5 37. Qf4 Qe6 {(Adams)} 38. Re3 $1
h5 39. Nf2 Qxc4 {and White has little advantage.}) 34... h5 35. Kf2 Nxf3 36.
Nfh6+ $1 ({Not} 36. Kxf3 $4 Qxf5+) 36... Kh7 $5 (36... gxh6 37. Nf6+ Rxf6 38.
Bxf6 Ne5 $1 39. Qf4 $1 Qe6 40. Bxe5 Qxe5 41. Rg1+ {favours White.}) 37. Kxf3 f5
$2 ({Preferable is} 37... hxg4+ 38. Nxg4 f5) 38. Kg3 fxg4 39. e5 $1 h4+ ({Or} 
39... gxh6 40. Qf4 $1) 40. Kxh4 $1 Be7+ 41. Kg3 $5 Rf8 42. Rf1 gxh6 43. Qb1 h5
44. Bxg6+ Kh6 45. Bxh5 Rg8 46. Bd2+ {Adams won one game and drew the rest.} 1-0

[Event "London"]
[Site "Chess Classic 1"]
[Date "2009.12.15"]
[Round "7"]
[White "Ni Hua"]
[Black "Howell, David"]
[Result "0-1"]
[WhiteElo "2665"]
[BlackElo "2597"]
[Annotator "JvR"]
[PlyCount "80"]
[EventDate "2009.12.08"]
[SourceDate "1999.07.01"]

1. e4 e5 2. Nf3 Nc6 3. Bb5 a6 4. Ba4 Nf6 5. d3 b5 6. Bb3 Be7 7. O-O O-O 8. a4
Bb7 9. Nc3 b4 10. Nd5 Na5 11. Ba2 Nxd5 12. exd5 b3 13. cxb3 Bxd5 14. Nxe5 Rb8
15. Nc4 Nc6 16. Bd2 Be6 $5 {Black has compensation for the pawn.} 17. Rc1 Re8
18. Re1 Bc5 19. Ne3 Ba7 20. Bc3 Nd4 21. Qh5 h6 22. Nc4 Qg5 23. Qxg5 hxg5 24.
Nd2 Bf5 25. Bxd4 $2 ({Correct is} 25. Ne4 $1 d5 26. Ng3 Bg6) 25... Bxd4 26. Ne4
Bxb2 27. Rb1 $6 Ba3 $1 {White has a poor position.} 28. f3 $6 d5 $1 29. g4 $2 (
{Preferable is} 29. Nf2) 29... dxe4 30. gxf5 exd3 31. Rxe8+ Rxe8 32. Rd1 Re2 $1
33. Bb1 d2 34. Bc2 Bc5+ 35. Kh1 a5 36. Rf1 Kf8 37. Bd1 Re1 38. Kg2 Ke7 39. Bc2
Kf6 40. h3 Ke5 {Howell scored plus one.} 0-1

[Event "London"]
[Site "Chess Classic 1"]
[Date "2009.12.15"]
[Round "7"]
[White "Short, Nigel"]
[Black "Carlsen, Magnus"]
[Result "1/2-1/2"]
[WhiteElo "2707"]
[BlackElo "2801"]
[Annotator "JvR"]
[PlyCount "141"]
[EventDate "2009.12.08"]
[SourceDate "1999.07.01"]

1. e4 c5 2. Nf3 d6 3. d4 cxd4 4. Nxd4 Nf6 5. Nc3 g6 6. Be3 Bg7 7. f3 Nc6 8. Qd2
O-O 9. O-O-O d5 10. Kb1 Nxd4 11. e5 Nf5 12. exf6 exf6 13. Bc5 d4 14. Bxf8 Qxf8
15. Nb5 Ne3 16. Rc1 Bh6 17. Qxd4 Nf5 18. Qc3 Bxc1 19. Kxc1 Bd7 20. Bd3 {
Smeets - Radjabov, Novi Sad 2009 was ended as a draw at this point. Carlsen
has to continue.} Rc8 $5 21. Qd2 Bxb5 22. Bxb5 Qc5 23. Bd3 Ne3 24. Re1 Re8 25.
Qf2 f5 26. f4 Qd4 27. g3 Re6 {Black threatens ..Nc4!} 28. Qd2 Ng4 29. h3 Rxe1+
30. Qxe1 Nf2 31. Bf1 Ne4 32. Bg2 b6 33. c3 Qd3 34. g4 Ng3 35. b3 Ne2+ 36. Kb2
Kf8 37. Bc6 fxg4 38. hxg4 h5 $1 39. gxh5 gxh5 40. a4 a6 {Kramnik's game has
ended in a perpetual after a fight. Short and Carlsen have to proceed due to
the rules.} 41. f5 $1 h4 42. Bg2 Ng3 43. f6 Qd6 ({
The alternative is the exchange} 43... Qe2+ $1 44. Qxe2 Nxe2 45. Kc2 $1 Nf4 46.
Bf3 Ke8 {and Black has an edge.}) 44. Qf2 Kg8 45. b4 a5 46. bxa5 $6 bxa5 47.
Kc2 $6 Kh7 48. c4 $2 {White weakens his position three times.} Qa3 49. Be4+ Kg8
$1 50. Qf4 Qxa4+ 51. Kd2 Nxe4+ 52. Qxe4 Qa2+ {
Black has gained a pawn and charges.} 53. Kc3 Qa1+ 54. Kb3 Qd1+ $2 ({
The obvious move is} 54... Qxf6 {and} 55. c5 Qg5 56. c6 h3 {(Schulz)} 57. Qf3
Qb5+ 58. Kc2 Qa4+ 59. Kd2 Qd4+ 60. Kc2 Qd6 $1 {leads to a black win.}) 55. Kb2
Qh5 56. c5 h3 $1 57. c6 a4 $1 ({Avoids} 57... h2 $4 58. c7 h1=Q 59. c8=Q#) 58.
Ka2 Qd1 59. Qe8+ Kh7 60. Qxf7+ Kh6 61. c7 Qc2+ 62. Ka3 h2 63. Qg7+ Kh5 64. Qh8+
Kg6 65. Qg8+ Kxf6 66. c8=Q Qxc8 67. Qxc8 h1=Q 68. Qa6+ Ke5 69. Qb5+ Qd5 70.
Kxa4 Qxb5+ 71. Kxb5 {The board has been cleared. Final standings: Carlsen 13/7,
Kramnik 12, Howell and Adams 9, McShane 7, Ni Hua and Nakamura 6, Short 5.
Carlsen became number one in the next elo-list.} 1/2-1/2